000 00795nam a22002177a 4500
005 20121008144959.0
008 121008t xxu||||| |||| 00| 0 eng d
010 _aENG-106044
020 _a9788182472082
_c795.00
035 _aEN-89577
037 _bDBAD / PUB
040 _adpl
_bEnglish
082 _a394.2068
100 _952944
_aMehndiratta, Vaibhav
245 _aEvent management /
_cby Vaibhav Mehndiratta
260 _aMohali
_bOut Line Publisher
_c2012
270 _aS.C.O. 1, Dasmesh Nagar, Opp. Dhilon Farm, Nayagaon, SAS Nagar
_bMohali
300 _a325p.
_c22cm(Hb)
942 _2ddc
_cEN
_mMEH
_h394.2068
999 _c70667
_d70667